|
|
|
|
| LEADER |
00996nam a2200325 4500 |
| 001 |
DLU090098751 |
| 005 |
##20091201 |
| 040 |
# |
# |
|a DLU
|b eng
|
| 041 |
# |
# |
|a eng
|
| 044 |
# |
# |
|a us
|
| 100 |
# |
# |
|a Weaver, Matthew T.
|
| 245 |
# |
# |
|a Tolerance to effects of cocaine on behavior under a response-initiated fixed-interval schedule /
|c Matthew T. Weaver, Marc N. Branch.
|
| 653 |
# |
# |
|a Cocaine
|
| 653 |
# |
# |
|a Fixed-interval schedules
|
| 653 |
# |
# |
|a Fixed-ratio schedules
|
| 653 |
# |
# |
|a Key peck
|
| 653 |
# |
# |
|a Pigeons
|
| 653 |
# |
# |
|a Tandem schedules
|
| 653 |
# |
# |
|a Tolerance
|
| 700 |
# |
# |
|a Branch, Marc N.
|
| 773 |
# |
# |
|t Journal of the Experimental Analysis of Behavior
|g Vol. 90, no. 2 (September 2008), p. 207-218
|
| 920 |
# |
# |
|a Phòng Tạp chí -- Trung tâm Thông tin - Thư viện Trường Đại học Đà Lạt
|
| 994 |
# |
# |
|a DLU
|
| 900 |
# |
# |
|a True
|
| 911 |
# |
# |
|a Trương Bảo Trâm Anh
|
| 925 |
# |
# |
|a G
|
| 926 |
# |
# |
|a A
|
| 927 |
# |
# |
|a BB
|
| 980 |
# |
# |
|a Thư viện Trường Đại học Đà Lạt
|